| 000 | 00755 a2200241 4500 | ||
|---|---|---|---|
| 001 | 20913 | ||
| 005 | 20260407155500.0 | ||
| 008 | 260407a2013 arg spa d | ||
| 003 | AR-UNSa-BCEJYS | ||
| 040 |
_aAR-UNSa-BCEJYS _bspa _cAR-UNSa-BCEJYS |
||
| 080 |
_a347.736 _xQuiebra. Insolvencia. Suspensión de pagos. Bancarrota, procedimientos. Derecho Concursal |
||
| 245 | 1 | 0 |
_aRégimen de concursos y quiebras _pLey 24.522 |
| 020 | _a978-950-508-968-0 | ||
| 250 | _a16a. ed. act. y ampl. | ||
| 264 | 1 |
_aBuenos Aires : _bAstrea _c2013 |
|
| 300 |
_a540 p. _c20 cm. |
||
| 942 | _cBK | ||
| 590 | _aniveau_biblio:m niveau_hierar:0 | ||
| 100 | 1 | _aArgentina [Leyes, etc.] | |
| 700 | 1 | _aRouillon, Adolfo A.N. | |
| 650 | _aLey 24.522 | ||
| 650 | _a ley 24 522 | ||
| 999 |
_c750 _d750 |
||